00416nam a2200157Ia 45000010006000000050017000060080041000230410008000640820018000721000040000902450075001302600009002053000028002146500008002426540008002502488320260414151113.0260414t2019||||xx |||||||||||||| ||spa|| aESP a346bR22 T. 1 aRamirez Gastón B., Germán,eAUT 0aCongreso internacional de derecho civil :biálogo entre disciplinas c2019 a555 páginas :c25 cm. aDER aCDE